Roudside Inspection of Dangerous Goods Transports Cestná kontrola prepráv nebezpečných nákladov

Bibliographic Details
Main Author: Kirchnany, F. (Author)
Format: Article
Language:English
Subjects:

MARC

LEADER 00000nab a2200000 a 4500
001 vtls000531695
003 SK-MaSNL
005 20260304045620.0
008 120928c1993 xo 0 eng
015 |a SNBRA19rr/mm-uuuuu 
035 |a CL0531833 
040 |a SNKBUCL  |b slo  |c SNKBUCL  |e AACR2 
041 0 |a eng 
044 |a xo  |c SK 
080 |a 351.811.123:656.135.073.436  |2 1981 
080 |a 656.135.073.436  |2 1981 
100 1 |a Kirchnany, F.  |4 aut  |9 1330090 
245 1 0 |a Roudside Inspection of Dangerous Goods Transports  |b Cestná kontrola prepráv nebezpečných nákladov  |c F. Kirchnany 
300 |b Fotogr. 2. obr. 1 
650 0 7 |a nákladné automobily  |2 snkbucl  |9 17411 
650 0 7 |a náklady nebezpečné  |2 snkbucl  |9 966477 
651 7 |a Rakúsko  |2 snkbucl  |9 18533 
655 7 |a články zo zborníkov  |2 snkbucl  |9 166140 
773 0 |t Skúšanie a homologizácia motorových vozidiel v medzinárodných súvislostiach  |d Žilina : Wettrans, 1993  |g S. 130-136  |z 8085418177 
850 |a Slovenská národná knižnica v Martine  |a MTA001 
852 |a SNK  |b KIS3GCP 
958 |a RK 
992 |a RZB 
999 |c 2693521  |d 2695451